书目信息 |
| 题名: |
人类未来的希望——蓝色基因
|
|
| 作者: | 叶向东 丛书主编 ;徐御寿 主编 | |
| 分册: | ||
| 出版信息: | 北京 中国经济出版社 2005 |
|
| 页数: | 137页 | |
| 开本: | 21cm | |
| 丛书名: | ||
| 单 册: | ||
| 中图分类: | Q343.1 | |
| 科图分类: | ||
| 主题词: | 基因--普及读物 | |
| 电子资源: | ||
| ISBN: | 7-5017-6910-9 | |
| 000 | 00839n|m0 2200229 450 | |
| 001 | 1558357843 | |
| 005 | 20150118161309.39 | |
| 010 | @a7-5017-6910-9@dCNY13.00 | |
| 100 | @a20050815d2005 em y0chiy50 ea | |
| 101 | 0 | @achi |
| 102 | @aCN@b110000 | |
| 105 | @aa z 000yy | |
| 200 | 1 | @a人类未来的希望——蓝色基因@9ren lei wei lai de xi wang — — lan se ji yin@f叶向东丛书主编@g徐御寿主编 |
| 210 | @a北京@c中国经济出版社@d2005 | |
| 215 | @a137页@c图@d21cm | |
| 330 | @a本书共五章,概述了基因与基因学说、蓝色基因工程的诞生与发展、基因工程的技术原理、发展趋势、生命密码的破译及其社会影响,介绍了基因经济、基因引发的问题等。 | |
| 606 | 0 | @a基因@j普及读物 |
| 690 | @aQ343.1@v5 | |
| 701 | 0 | @a叶向东@9ye xiang dong@f(1963.7~)@4丛书主编 |
| 702 | 0 | @a徐御寿@9xu yu shou@4主编 |
| 801 | 0 | @aCN@bTSSF@c20150118 |
| 905 | @aZUCC@dQ343.1@eJY30 | |
| 人类未来的希望——蓝色基因/叶向东丛书主编/徐御寿主编.-北京:中国经济出版社,2005 |
| 137页:图;21cm |
| ISBN 7-5017-6910-9:CNY13.00 |
| 本书共五章,概述了基因与基因学说、蓝色基因工程的诞生与发展、基因工程的技术原理、发展趋势、生命密码的破译及其社会影响,介绍了基因经济、基因引发的问题等。 |
| ● |
| 相关链接 |
|
|
|
|
正题名:人类未来的希望——蓝色基因
索取号:Q343.1/JY30
 
预约/预借
| 序号 | 登录号 | 条形码 | 馆藏地/架位号 | 状态 | 备注 |
| 1 | 7848982 | 278489823 | 学院路分馆/ [索取号:Q343.1/JY30] | 在馆 | |
| 2 | 7848983 | 278489832 | 学院路分馆/ [索取号:Q343.1/JY30] | 在馆 |